NHL 2000's Top Point Scorers - Statistics

General Stats
  • This quiz has been taken 2,025 times
    428 since last reset
  • The average score is 8 of 20
Answer Stats
Points Player % Correct
671 Jaromir Jagr
75%
821 Joe Thornton
73%
639 Joe Sakic
67%
737 Jarome Iginla
62%
622 Martin St. Louis
54%
599 Ilya Kovalchuk
46%
577 Mike Modano
44%
726 Daniel Alfredsson
42%
654 Vincent Lecavalier
42%
588 Dany Heatley
37%
603 Mats Sundin
37%
679 Marian Hossa
36%
616 Patrik Elias
31%
574 Mark Recchi
24%
630 Markus Naslund
22%
601 Milan Hejduk
22%
595 Brad Richards
21%
608 Alexei Kovalev
16%
579 Alex Tanguay
7%
611 Marc Savard
5%
No matching quizzes found
Score Distribution
Percent of People with Each Score
Percentile by Number Answered
Your Score History
You have not taken this quiz since the last reset